Word Ladder: Glacial Period Quiz Stats

 Plays Quiz Updated Dec 8, 2015

Challenge
Share
Tweet
Embed
Score 0/15 Timer 01:30
0 Plays Today
Clue 3-Letter Word % Correct
'How I ___ Your Mother'MET
96.5%
The essence of every omeletEGG
95.5%
Wager or gambleBET
94.3%
● Crystalline water ●●ICE●
90.7%
Hive denizenBEE
89.9%
Pirate talk for 'yes'AYE
89.6%
A round or a week that a sports team doesn't have to playBYE
87.8%
Ryan who starred in 'Sleepless in Seattle'MEG
85.5%
Clue 3-Letter Word % Correct
● The number of years one has lived ●●AGE●
84.7%
One of the id's counterpartsEGO
83%
Short term for a brain wave scanEEG
81.1%
Band that sang 'Don't Bring Me Down'ELO
63.6%
___ de la Cité or ___–-de-–FranceÎLE
62.6%
Sort or kindILK
53.1%
Another name for the wapitiELK
51.7%

Today's Daily Dose

You're not logged in!

Compare scores with friends on all Sporcle quizzes.
OR
Log In

You Might Also Like...

Show Comments

Extras

Top Quizzes Today


Score Distribution

Your Account Isn't Verified!

In order to create a playlist on Sporcle, you need to verify the email address you used during registration. Go to your Sporcle Settings to finish the process.

Report this User

Report this user for behavior that violates our Community Guidelines.

Details: